000 02169cam a2200469 i 4500
001 data
005 20260322212114.0
008 data
035 _a19546937
906 _a7
_bcbc
_ccopycat
_d3
_encip
_f20
_gy-gencatlg
925 0 _aacquire
_b1 shelf copy
_xpolicy default
010 _a 2016296405
020 _a9781604334890
_q(hardcover)
020 _a1604334894
035 _a(OCoLC)861541385
040 _aYDXCP
_beng
_cYDXCP
_erda
_dDLC
_dBDX
_dSAP
_dGK8
_dOCLCO
_dMVP
_dTNH
_dWIM
_dNYP
_dOCLCA
_dOCLCF
_dOCLCO
_dCHY
_dDLC
041 1 _aspa
_heng
042 _alccopycat
050 0 0 _aPZ73
_b.P64 2014
082 0 0 _a[E]
_223
100 1 _aPotter, Beatrix,
_d1866-1943,
_eauthor.
240 1 0 _aClassic tale of Peter Rabbit and other cherished stories.
_lSpanish.
245 1 3 _aEl cuento clásico de Pedrito, el conejo travieso, y otros entrañables relatos /
_cpor Beatrix Potter ; ilustrado por Charles Santore ; traducción de Vicente Echerri.
246 3 0 _aPedrito, el conejo travieso
264 1 _aKennebunkport, Maine :
_bApplesauce Press,
_c[2014]
300 _a71 pages :
_bcolor illustrations;
_c28 x 29 cm
336 _atext
_2rdacontent
337 _aunmediated
_2rdamedia
338 _avolume
_2rdacarrier
500 _aOriginally published in English: Philadelphia, Pennsylvania : Courage Books, 1986 under the title The classic tale of Peter Rabbit and other cherished stories.
505 0 0 _tEl cuento de los Conejitos Pelusa.
_tEl cuento de Jeremías Pescador --
_tEl cuento de Benjamín Conejo --
_tEl cuento de los dos malvados ratones --
_tEl cuento de los Conejitos Pelusa.
520 _aPresents a selection of stories by the well-known author.
546 _aIn Spanish.
650 0 _aAnimals
_vJuvenile fiction.
650 1 _aAnimals
_vFiction.
655 7 _aFiction.
_2lcgft
_0https://id.loc.gov/authorities/genreForms/gf2014026339
655 7 _aFiction.
_2lcgft
_0https://id.loc.gov/authorities/genreForms/gf2014026339
700 1 _aSantore, Charles,
_eillustrator.
700 1 _aEcherri, Vicente,
_d1948-
_etranslator.
999 _c1721
_d1721